| 000 | 01254cam a2200277 a 4500 | ||
|---|---|---|---|
| 001 | 000012612 | ||
| 005 | 20200929163039.0 | ||
| 008 | 890217s1988 ck a b 000 0dspa | ||
| 020 | _a9586430170 | ||
| 020 | _a9586430189 | ||
| 040 |
_aDO-SdBNP _bspa _cLC _dBNPHU |
||
| 082 |
_a322.10941 _bP654d |
||
| 100 | 1 |
_aPinilla Cote, Alfonso María, _d1919- _929324 |
|
| 245 | 1 | 0 |
_aDel Vaticano a la Nueva Granada : _bla internunciatura de monseñor Cayetano Baluffi en Bogotá 1837-1842 primera en hispanoamérica / _cAlfonso María Pinilla Cote. |
| 260 |
_aBogotá : _bFundación para la Conmemoración del Bicentenario del Natalicio y el Sesquicentenario de la Muerte del General Francisco de Paula Santander, _c1988. |
||
| 300 |
_aliv, 418 p. : _bil. ; _c25 cm. |
||
| 490 | 1 | _aBiblioteca de la Presidencia de la República | |
| 650 | 4 |
_aSantander, francisco de paula, _d1792-1840. _929325 |
|
| 650 | 4 |
_aIglesia y estado en colombia _929326 |
|
| 650 | 4 |
_aDiplomacia _xHistoria _zColombia _929327 |
|
| 651 | 4 |
_aColombia _xRelaciones Exteriores Con La Santa Sede _y1837-1842 _929328 |
|
| 600 | 1 | 4 |
_aBALUFFI, CAYETANO, _d1788-1866. _929329 |
| 830 | 0 |
_aBiblioteca de la Presidencia de la República _97504 |
|
| 910 | _aCatalogación por copia / LC | ||
| 049 | _aBNGR | ||
| 999 |
_c12267 _d12267 |
||